000 00618nam a2200181Ia 4500
003 GCL
008 140319s9999 xx 000 0 ara d
040 _aGCL /
_cGCL
082 0 4 _a923.1
_bا ا
100 1 _aاحمد ابن ابوالضياف
245 1 0 _aاتحاف اهل الزمان باخبار ملوك تونس وعهد الزمان /
_cاحمد ابن ابوالضياف
260 _a[S.N] :
_bكتابة الدولة للشؤون الثقافية الاخبار
490 _a
650 0 4 _aتاريخ
650 0 4 _aتونس
650 0 4 _aالعالم الاسلامى - 1917-640م
942 _2ddc
_cBK
999 _c59122
_d59122